Ciudades españolas en griego - Estadísticas

Estadísticas generales
  • Esta prueba ha sido intentada 48 veces
  • La puntuación promedio es 15 de 20
Estadísticas de respuestas
Griego Español % Correcto
Οβιέδο Oviedo
100%
Μάλαγα Málaga
96%
Αλμπαθέτε Albacete
91%
Α Κορούνια A Coruña
89%
Κάδιθ Cádiz
89%
Βαρκελώνη Barcelona
87%
Χιχόν Gijón
86%
Πάλμα ντε Μαγιόρκα Palma de Mallorca
86%
Αλικάντε Alicante
85%
Σαν Σεμπαστιάν San Sebastian
85%
Σανταντέρ Santander
85%
Αλμερία Almeria
83%
Κόρδοβα Córdoba
83%
Σαραγόσα Zaragoza
82%
Μαδρίτη Madrid
81%
Βαγιαδολίδ Valladolid
81%
Χετάφε Getafe
79%
Βαλένθια Valencia
79%
Ταραγόνα Tarragona
76%
Καρταγένα Cartagena
74%
Λας Πάλμας Las Palmas
73%
Αλκορκόν Alcorcon
70%
Μούρθια Murcia
68%
Παμπλόνα Pamplona
67%
Έλτσε Elche
65%
Βίγο Vigo
65%
Σεβίλλη Seville
64%
Γρανάδα Granada
59%
Μπιλμπάο Bilbao
54%
Λεγανές Leganes
52%
Μπούργος Burgos
35%
No se encontraron pruebas coincidentes
Distribución de puntuación
Porcentaje de gente con cada puntuación
Porcentaje por número respondido
Historial de tus puntuaciones
No has intentado esta prueba.